Most Points For Each Day Of The 2010-11 NBA Regular Season - Statistics

General Stats
  • This quiz has been taken 19 times
  • The average score is 25 of 63
Answer Stats
Team Player Days Led % Correct
Miami Heat LeBron James 16
100%
Golden State Warriors Stephen Curry 2
94%
Orlando Magic Dwight Howard 7
88%
Miami Heat Dwyane Wade 10
88%
Chicago Bulls Derrick Rose 9
82%
Denver Nuggets, New York Knicks Carmelo Anthony 11
76%
New Orleans Hornets Chris Paul 1
76%
Dallas Mavericks Dirk Nowitzki 1
76%
Oklahoma City Thunder Kevin Durant 10
76%
Los Angeles Lakers Kobe Bryant 9
76%
New Orleans Hornets David West 1
71%
Golden State Warriors Monta Ellis 10
71%
Oklahoma City Thunder Russell Westbrook 4
71%
Utah Jazz Deron Williams 1
65%
Los Angeles Lakers Pau Gasol 1
65%
Miami Heat Chris Bosh 1
59%
Minnesota Timberwolves Kevin Love 2
59%
San Antonio Spurs Tony Parker 1
59%
New York Knicks Amar'e Stoudemire 9
53%
Indiana Pacers Danny Granger 3
53%
Toronto Raptors DeMar DeRozan 2
53%
Atlanta Hawks Josh Smith 1
53%
Portland Trail Blazers LaMarcus Aldridge 5
53%
Boston Celtics Ray Allen 1
53%
Los Angeles Clippers Blake Griffin 2
47%
Atlanta Hawks Joe Johnson 3
47%
San Antonio Spurs Manu Ginobili 1
47%
Atlanta Hawks Al Horford 1
41%
Dallas Mavericks Jason Terry 2
41%
New Jersey Nets Brook Lopez 2
35%
Chicago Bulls Carlos Boozer 1
35%
Houston Rockets Kevin Martin 5
35%
Utah Jazz Paul Millsap 5
35%
New Orleans Hornets Willie Green 1
35%
Milwaukee Bucks Brandon Jennings 2
29%
New York Knicks Chauncey Billups 1
29%
Houston Rockets Luis Scola 1
29%
Utah Jazz Al Jefferson 3
24%
Dallas Mavericks Caron Butler 1
24%
Atlanta Hawks Jamal Crawford 1
24%
Washington Wizards Jordan Crawford 1
24%
Chicago Bulls Luol Deng 1
24%
Washington Wizards Nick Young 2
24%
Memphis Grizzlies Rudy Gay 1
24%
Sacramento Kings Tyreke Evans 2
24%
Milwaukee Bucks Andrew Bogut 1
18%
Denver Nuggets Ty Lawson 1
18%
Washington Wizards Andray Blatche 1
12%
Toronto Raptors Andrea Bargnani 4
12%
Cleveland Cavaliers Antawn Jamison 1
12%
Los Angeles Clippers Eric Gordon 3
12%
Cleveland Cavaliers J.J. Hickson 1
12%
Minnesota Timberwolves Michael Beasley 1
12%
Detroit Pistons Richard Hamilton 1
12%
Portland Trail Blazers Wesley Matthews 2
12%
Golden State Warriors Dorell Wright 2
6%
Portland Trail Blazers Gerald Wallace 1
6%
Phoenix Suns Jason Richardson 2
6%
Sacramento Kings Marcus Thornton 2
6%
Indiana Pacers Tyler Hansbrough 1
6%
Utah Jazz C.J. Miles 1
0%
Los Angeles Clippers Randy Foye 1
0%
New York Knicks Toney Douglas 2
0%
No matching quizzes found
Score Distribution
Percent of People with Each Score
Percentile by Number Answered
Your Score History
You have not taken this quiz